ABAS-II. Sistema para la Evaluación de la conducta. Manual. Uso clínico e interpretación.
Wedi'i Gadw mewn:
| Prif Awdur: | |
|---|---|
| Awduron Eraill: | , , |
| Fformat: | Llyfr |
| Iaith: | Sbaeneg |
| Cyhoeddwyd: |
Madrid, España.
Tea Ediciones,
2013
|
| Pynciau: | |
| Tagiau: |
Ychwanegu Tag
Dim Tagiau, Byddwch y cyntaf i dagio'r cofnod hwn!
|
MARC
| LEADER | 00000cam a2200000 a 4500 | ||
|---|---|---|---|
| 001 | UCD9053 | ||
| 003 | CL-VaPUC | ||
| 005 | 20220829145905.0 | ||
| 008 | 170602e20130000sp |||||||||||||||||spa|d | ||
| 999 | |c 368351 |d 368349 | ||
| 020 | |a 978-84-15262-76-3 | ||
| 020 | |a 978-0-12-373586-7 | ||
| 040 | |c Pontificia Universidad Católica de Valparaíso | ||
| 082 | 0 | 4 | |a 150.287 HAR 2013 |2 21 |
| 082 | 0 | 4 | |a 150.287 HARu 2013 |
| 082 | 0 | 4 | |a 150.287 HARs 2013 |
| 100 | 0 | |a Harrison, Patti L |e coordinador |9 592727 | |
| 245 | 1 | 0 | |a ABAS-II. |b Sistema para la Evaluación de la conducta. Manual. Uso clínico e interpretación. |
| 260 | |a Madrid, España. |b Tea Ediciones, |c 2013 | ||
| 300 | |a 543 páginas; 271 páginas | ||
| 505 | |a Incluye 25 y 50 fichas de evaluación. Uso clínico e interpretación. Sistema para la evaluación de la conducta adaptativa. Manual. | ||
| 583 | |a last modification |c 20180511 12:29:27 |k Rodrigo Vera | ||
| 650 | 0 | |a Adaptabilidad |x Psicología |x Pruebas |9 863516 | |
| 650 | 0 | |a Niños |x Evaluación del comportamiento |9 255605 | |
| 650 | 0 | |a Tests psicológicos |9 308644 | |
| 700 | 0 | |a Oakland, Thomas |e coordinador |9 592728 | |
| 700 | 0 | |a Montero Centeno, D. |e adaptación española |9 863517 | |
| 700 | 0 | |a Fernández-Pinto, I. |e adaptación española |9 863518 | |
| 942 | |c BK |2 ddc | ||
| 945 | |d 20170602 23:29:00 |a dcastane | ||
| 952 | |0 0 |1 0 |2 ddc |3 erb |4 0 |6 150_287000000000000_HAR_2013 |7 0 |8 R |9 483639 |a BIBEDU |b BIBEDU |i 5378397 |l 5 |o 150.287 HAR 2013 |p 5378397 |r 2025-04-04 |s 2025-04-04 |w 2019-11-24 |y BK_R |z Catalogado en:20170602 |k EDI | ||
| 952 | |0 0 |1 0 |2 ddc |4 0 |6 150_287000000000000_HARU_2013 |7 0 |8 R |9 579005 |a BIBEDU |b BIBEDU |d 2021-10-15 |e 127 |g 394800.00 |i 5589258 |l 13 |o 150.287 HARu 2013 |p 5589258 |r 2024-08-13 |s 2024-08-13 |t 1 |v 394800.00 |w 2021-10-15 |y BK_R |k EDI | ||